000 00325nam a2200133Ia 4500
008 240624s9999 xx 000 0 und d
041 _aeng
082 _a729.2 RED
100 _aREDSTRÖM JOHAN
245 _aMAKING DESIGN THEORY
260 _c2017
_aCambridge
_bThe MIT Press
300 _axiv,171P. ;23cm.
365 _c
_b33
999 _c32698
_d32698